[Event "Baltic Sea Cup"]
[Site "Ronne"]
[Date "2007.08.02"]
[Round "5.43"]
[White "Hindenes, Andreas Kringe"]
[Black "Jensen, Jan Kargaard"]
[Result "1/2-1/2"]
[WhiteElo "1664"]
[BlackElo "1894"]
[PlyCount "57"]
[EventDate "2007.07.30"]
[EventType "swiss"]
[EventRounds "9"]
[EventCountry "DEN"]
[SourceTitle "EXT 2023"]
[Source "ChessBase"]
[SourceDate "2022.10.05"]
[SourceVersion "1"]
[SourceVersionDate "2022.10.05"]
[SourceQuality "1"]

1. Nf3 Nf6 2. c4 b6 3. Nc3 Bb7 4. d4 e6 5. Bg5 Bb4 6. e3 c5 7. Bd3 cxd4 8. exd4 Bxc3+ 9. bxc3 0-0 10. Qc2 h6 11. Bh4 d6 12. 0-0 Nbd7 13. Bg3 Qc7 14. Nd2 Qc6 15. f3 d5 16. cxd5 Nxd5 17. Be4 N7f6 18. Rac1 Rac8 19. c4 Nxe4 20. Qxe4 Nf6 21. Qxc6 Rxc6 22. Ne4 Nxe4 23. fxe4 Rfc8 24. c5 bxc5 25. d5 exd5 26. exd5 Ra6 27. d6 Rd8 28. Rfd1 Rd7 29. Rd2 1/2-1/2

[Event "Baltic Sea Cup"]
[Site "Ronne"]
[Date "2007.08.01"]
[Round "4.36"]
[White "Boje, Tobias R"]
[Black "Hindenes, Andreas Kringe"]
[Result "1-0"]
[WhiteElo "1931"]
[BlackElo "1664"]
[PlyCount "65"]
[EventDate "2007.07.30"]
[EventType "swiss"]
[EventRounds "9"]
[EventCountry "DEN"]
[SourceTitle "EXT 2023"]
[Source "ChessBase"]
[SourceDate "2022.10.05"]
[SourceVersion "1"]
[SourceVersionDate "2022.10.05"]
[SourceQuality "1"]

1. e4 c5 2. Nc3 g6 3. g3 Bg7 4. Bg2 Nc6 5. d3 d6 6. Be3 Nf6 7. h3 0-0 8. Qd2 Rb8 9. Bh6 b5 10. Bxg7 Kxg7 11. f4 Bd7 12. Nge2 b4 13. Nd1 Qb6 14. Ne3 e6 15. 0-0 Na5 16. g4 Ne8 17. f5 f6 18. Nf4 Nc7 19. Rf2 Nc6 20. Nc4 Qa6 21. Nxd6 Ne5 22. Nc4 Nxc4 23. dxc4 Rbd8 24. Qe2 exf5 25. gxf5 Rfe8 26. fxg6 hxg6 27. b3 Qc8 28. Qf3 Rf8 29. Qg3 g5 30. Raf1 Rh8 31. e5 Kf7 32. Nd5 f5 33. Nxc7 1-0

[Event "NOR-ch qual-A"]
[Site "Oslo"]
[Date "2007.04.03"]
[Round "5"]
[White "Andersen, Lars Even"]
[Black "Hindenes, Andreas Kringe"]
[Result "1-0"]
[WhiteElo "2210"]
[BlackElo "1450"]
[PlyCount "49"]
[EventDate "2007.04.01"]
[EventType "swiss"]
[EventRounds "7"]
[EventCountry "NOR"]
[SourceTitle "EXT 2008"]
[Source "ChessBase"]
[SourceDate "2007.11.25"]
[SourceVersion "1"]
[SourceVersionDate "2007.11.25"]
[SourceQuality "1"]

1. e4 c5 2. Nf3 Nc6 3. Bb5 g6 4. 0-0 Bg7 5. Nc3 Nd4 6. Nxd4 Bxd4 7. d3 a6 8. Bc4 b5 9. Bb3 Bb7 10. Kh1 Rc8 11. Qe2 d6 12. f4 Nf6 13. e5 Bxc3 14. bxc3 Nd5 15. e6 f5 16. Bb2 Nf6 17. c4 0-0 18. Rae1 Qb6 19. Ba1 Rfd8 20. Bxf6 exf6 21. e7 Re8 22. Qe6+ Kg7 23. cxb5 axb5 24. Qf7+ Kh6 25. Re3 1-0

[Event "NOR-ch qual-A"]
[Site "Oslo"]
[Date "2007.04.02"]
[Round "3"]
[White "Nilsen, Jarle"]
[Black "Hindenes, Andreas Kringe"]
[Result "1-0"]
[WhiteElo "1762"]
[BlackElo "1450"]
[PlyCount "65"]
[EventDate "2007.04.01"]
[EventType "swiss"]
[EventRounds "7"]
[EventCountry "NOR"]
[SourceTitle "EXT 2008"]
[Source "ChessBase"]
[SourceDate "2007.11.25"]
[SourceVersion "1"]
[SourceVersionDate "2007.11.25"]
[SourceQuality "1"]

1. Nf3 Nf6 2. d4 g6 3. c4 c5 4. d5 b5 5. cxb5 a6 6. b6 d6 7. Nc3 Nbd7 8. b7 Bxb7 9. e4 Bg7 10. Be2 0-0 11. 0-0 Nb6 12. a4 a5 13. Bb5 Ne8 14. Bf4 Nc7 15. Re1 Ra7 16. Qd2 Qa8 17. Bh6 Rb8 18. Bxg7 Kxg7 19. Qg5 Ba6 20. Bc6 Bb7 21. Bxb7 Raxb7 22. Qxe7 Nc4 23. Qg5 Rxb2 24. Nh4 Kh8 25. f4 Qb7 26. Rad1 Rc2 27. e5 dxe5 28. fxe5 Re8 29. Qf6+ Kg8 30. d6 Ne6 31. Nd5 Ng7 32. Ne7+ Kf8 33. e6 1-0

[Event "Bergen Sommer op"]
[Site "Bergen"]
[Date "2006.08.11"]
[Round "6"]
[White "Riisem, Oyvind"]
[Black "Hindenes, Andreas Kringe"]
[Result "1-0"]
[WhiteElo "1975"]
[BlackElo "1306"]
[PlyCount "93"]
[EventDate "2006.08.06"]
[EventType "swiss"]
[EventRounds "6"]
[EventCountry "NOR"]
[SourceTitle "EXT 2007"]
[Source "ChessBase"]
[SourceDate "2006.11.23"]
[SourceVersion "1"]
[SourceVersionDate "2006.11.23"]
[SourceQuality "1"]

1. d4 Nf6 2. c4 g6 3. Nc3 Bg7 4. e4 d6 5. Nf3 0-0 6. Be2 e5 7. 0-0 Nc6 8. d5 Ne7 9. Nd2 Nd7 10. b4 f5 11. c5 a5 12. cxd6 cxd6 13. Nc4 Nf6 14. bxa5 f4 15. Ba3 Ne8 16. Nb5 Rf6 17. Bg4 g5 18. Rc1 Rh6 19. Bxc8 Nxc8 20. f3 b6 21. axb6 Nxb6 22. Qb3 Nxc4 23. Rxc4 Qb6+ 24. Kh1 Rb8 25. Rb4 Qa6 26. Rc1 Rb6 27. Nc7 Rxb4 28. Nxa6 Rxb3 29. axb3 Rf6 30. Kg1 Rf7 31. Kf1 Rb7 32. b4 Kf7 33. Ke2 Bf6 34. Kd3 Bd8 35. Rc6 Nc7 36. Nxc7 Bxc7 37. b5 Ke7 38. Kc4 Kd7 39. Bb4 h5 40. Ra6 g4 41. Ra8 Rb8 42. Rxb8 Bxb8 43. b6 Kc8 44. Kb5 Kb7 45. Be1 gxf3 46. gxf3 Kc8 47. Kc6 1-0

[Event "Bergen Sommer op"]
[Site "Bergen"]
[Date "2006.08.08"]
[Round "3"]
[White "Hindenes, Andreas Kringe"]
[Black "Johansen, Kristian R"]
[Result "1/2-1/2"]
[WhiteElo "1306"]
[BlackElo "1521"]
[PlyCount "29"]
[EventDate "2006.08.06"]
[EventType "swiss"]
[EventRounds "6"]
[EventCountry "NOR"]
[SourceTitle "EXT 2007"]
[Source "ChessBase"]
[SourceDate "2006.11.23"]
[SourceVersion "1"]
[SourceVersionDate "2006.11.23"]
[SourceQuality "1"]

1. d4 d6 2. c4 e5 3. d5 f5 4. Nc3 Nf6 5. Bg5 Be7 6. Bxf6 Bxf6 7. e3 0-0 8. Nf3 e4 9. Nd4 c5 10. dxc6 bxc6 11. Be2 Qb6 12. Qd2 Be5 13. g3 Nd7 14. f4 Bxd4 15. exd4 1/2-1/2

[Event "NOR-chB"]
[Site "Moss"]
[Date "2006.07.13"]
[Round "7"]
[White "Hagen, Anders Gjerdrum"]
[Black "Hindenes, Andreas Kringe"]
[Result "1-0"]
[WhiteElo "1808"]
[BlackElo "1309"]
[PlyCount "47"]
[EventDate "2006.07.08"]
[EventType "swiss"]
[EventRounds "9"]
[EventCountry "NOR"]
[SourceTitle "EXT 2007"]
[Source "ChessBase"]
[SourceDate "2006.11.23"]
[SourceVersion "1"]
[SourceVersionDate "2006.11.23"]
[SourceQuality "1"]

1. e4 c5 2. Nf3 Nc6 3. d4 cxd4 4. Nxd4 g6 5. c4 Bg7 6. Nc2 Nf6 7. Nc3 0-0 8. Be2 d6 9. 0-0 a5 10. Be3 Nd7 11. Qd2 Re8 12. Na3 Nc5 13. Nab5 Bd7 14. Rfd1 b6 15. f4 Qc8 16. h3 Bh6 17. Bf3 Nb4 18. Rab1 Bxb5 19. cxb5 Qe6 20. a3 Na2 21. Nd5 Nxe4 22. Qd3 Nc5 23. Bxc5 dxc5 24. Nc7 1-0

[Event "NOR-chB"]
[Site "Moss"]
[Date "2006.07.09"]
[Round "2"]
[White "Madland, Kristoffer"]
[Black "Hindenes, Andreas Kringe"]
[Result "1-0"]
[WhiteElo "1711"]
[BlackElo "1309"]
[PlyCount "67"]
[EventDate "2006.07.08"]
[EventType "swiss"]
[EventRounds "9"]
[EventCountry "NOR"]
[SourceTitle "EXT 2007"]
[Source "ChessBase"]
[SourceDate "2006.11.23"]
[SourceVersion "1"]
[SourceVersionDate "2006.11.23"]
[SourceQuality "1"]

1. e4 c5 2. a3 g6 3. d4 cxd4 4. c3 Bg7 5. cxd4 Nc6 6. d5 Na5 7. Ra2 b6 8. b4 Nb7 9. Bb2 Bxb2 10. Rxb2 e6 11. Qd4 Qf6 12. e5 Qg5 13. f4 Qd8 14. d6 Nh6 15. Nc3 Nf5 16. Qf2 a5 17. g4 Ng7 18. Nb5 0-0 19. Nc7 Rb8 20. Nf3 axb4 21. axb4 f6 22. Bg2 fxe5 23. fxe5 Rf4 24. Qxb6 Rxg4 25. Qa7 Qf8 26. 0-0 Nf5 27. Re2 Nbxd6 28. Qxb8 Ne4 29. Nd4 Nc3 30. Rc2 Rxd4 31. Rxc3 Rxb4 32. Qa8 Kf7 33. Nxe6 Kxe6 34. Qd5+ 1-0

[Event "NOR-ch U20"]
[Site "Bergen"]
[Date "2005.09.09"]
[Round "1"]
[White "Hindenes, Andreas Kringe"]
[Black "Esbensen, Kai Inge"]
[Result "0-1"]
[WhiteElo "845"]
[BlackElo "1600"]
[PlyCount "64"]
[EventDate "2005.09.09"]
[EventType "swiss"]
[EventRounds "6"]
[EventCountry "NOR"]
[SourceTitle "EXT 2006"]
[Source "ChessBase"]
[SourceDate "2005.11.24"]
[SourceVersion "1"]
[SourceVersionDate "2005.11.24"]
[SourceQuality "1"]

1. e4 c5 2. c3 Nf6 3. e5 Nd5 4. Nf3 Nc6 5. d4 cxd4 6. cxd4 d6 7. Bb5 g6 8. 0-0 Bg7 9. Nc3 Nc7 10. Re1 Nxb5 11. Nxb5 dxe5 12. dxe5 Qxd1 13. Rxd1 0-0 14. Bf4 Bg4 15. Rd5 e6 16. Rc5 Bxf3 17. gxf3 a6 18. Nd6 Nd4 19. Kg2 b6 20. Rc4 Ne2 21. Re1 Nxf4+ 22. Rxf4 Rad8 23. Nc4 b5 24. Nb6 Rd2 25. Rb4 Rfd8 26. f4 Bf8 27. Rb3 Bc5 28. Rf1 Bxb6 29. a4 R8d3 30. Rb4 Bc5 31. Re4 Rxb2 32. axb5 axb5 0-1

[Event "Hordaland-ch"]
[Site "Sotra"]
[Date "2005.04.10"]
[Round "5"]
[White "Hindenes, Andreas Kringe"]
[Black "Lie, Terje"]
[Result "1-0"]
[WhiteElo "812"]
[BlackElo "1176"]
[PlyCount "93"]
[EventDate "2005.04.08"]
[EventType "swiss"]
[EventRounds "5"]
[EventCountry "NOR"]
[SourceTitle "EXT 2007"]
[Source "ChessBase"]
[SourceDate "2006.11.23"]
[SourceVersion "1"]
[SourceVersionDate "2006.11.23"]
[SourceQuality "1"]

1. e4 d5 2. d3 d4 3. h3 c5 4. Nf3 Nc6 5. Bf4 f6 6. e5 fxe5 7. Nxe5 Nxe5 8. Bxe5 Nf6 9. Nd2 b6 10. Be2 Bb7 11. Bf3 Qd7 12. 0-0 e6 13. Re1 Be7 14. Bxb7 Qxb7 15. Bxf6 gxf6 16. Rxe6 Rg8 17. g3 Kd7 18. Qe2 Rg7 19. Re1 Bd6 20. Ne4 Be5 21. Nxf6+ Bxf6 22. Rxf6 Rd8 23. Qe6+ Kc7 24. Rf7+ Rxf7 25. Qxf7+ Rd7 26. Re7 Rxe7 27. Qxe7+ Kc6 28. Qxb7+ Kxb7 29. Kg2 Kc6 30. Kf3 Kd5 31. Kf4 b5 32. h4 c4 33. h5 b4 34. b3 cxb3 35. axb3 a5 36. g4 Ke6 37. f3 Kf6 38. g5+ Ke6 39. Ke4 Ke7 40. Kxd4 Kd6 41. f4 Ke6 42. Ke4 Ke7 43. Ke5 Kf7 44. f5 Ke7 45. g6 h6 46. f6+ Kf8 47. Ke6 1-0

[Event "Hordaland-ch"]
[Site "Sotra"]
[Date "2005.04.09"]
[Round "3"]
[White "Hindenes, Andreas Kringe"]
[Black "Frimanslund, Berge"]
[Result "0-1"]
[WhiteElo "812"]
[BlackElo "1052"]
[PlyCount "96"]
[EventDate "2005.04.08"]
[EventType "swiss"]
[EventRounds "5"]
[EventCountry "NOR"]
[SourceTitle "EXT 2007"]
[Source "ChessBase"]
[SourceDate "2006.11.23"]
[SourceVersion "1"]
[SourceVersionDate "2006.11.23"]
[SourceQuality "1"]

1. e4 e5 2. Nf3 Nc6 3. Bc4 h6 4. c3 Bc5 5. 0-0 Nf6 6. d4 exd4 7. cxd4 Bb6 8. d5 Ne7 9. e5 Nh7 10. Qb3 d6 11. e6 fxe6 12. dxe6 d5 13. Rd1 Bxe6 14. Nc3 c6 15. Bd3 Nf6 16. Re1 Qd7 17. Bf4 0-0 18. Re2 Bf7 19. Ne5 Qe8 20. Nxf7 Qxf7 21. Bd6 Rfe8 22. Rae1 Ng6 23. g3 Ng4 24. Rxe8+ Rxe8 25. Rxe8+ Qxe8 26. Ne4 Nxf2 27. Bc5 Nxd3 28. Qxd3 Qxe4 29. Qc3 Qc4 30. Qxc4 dxc4 31. Bxb6 axb6 32. Kf2 Kf7 33. Ke3 Ke6 34. Kd4 b5 35. a4 Kd6 36. axb5 cxb5 37. h4 Ne5 38. Kc3 Kc5 39. b3 b4+ 40. Kc2 c3 41. h5 Kd4 42. Kb1 Kd3 43. Kc1 Nf3 44. g4 Nd4 45. Kb1 Kd2 46. Ka2 c2 47. g5 c1Q 48. gxh6 Qc2+ 0-1